000 00213nam a22000857a 4500
008 161020b xxu||||| |||| 00| 0 eng d
100 _9899
_aChawla.S.
245 _aThe Earth
260 _aNew Delhi
_bD.P Publications
_c2010
999 _c3553
_d3553